Leadership Roles and Management Functions in Nursing: theory and application (Record no. 6051)

MARC details
000 -LEADER
fixed length control field 00643nam a22002057a 4500
003 - CONTROL NUMBER IDENTIFIER
control field OSt
005 - DATE AND TIME OF LATEST TRANSACTION
control field 20180316194007.0
008 - FIXED-LENGTH DATA ELEMENTS--GENERAL INFORMATION
fixed length control field 180316b xxu||||| |||| 00| 0 eng d
020 ## - INTERNATIONAL STANDARD BOOK NUMBER
International Standard Book Number 9781496361400
040 ## - CATALOGING SOURCE
Transcribing agency DNLM
100 ## - MAIN ENTRY--PERSONAL NAME
Personal name Marquis,L.Bessie; Huston J.Carol.
9 (RLIN) 6142
245 ## - TITLE STATEMENT
Title Leadership Roles and Management Functions in Nursing: theory and application
250 ## - EDITION STATEMENT
Edition statement 9th ed.
260 ## - PUBLICATION, DISTRIBUTION, ETC. (IMPRINT)
Place of publication, distribution, etc. Philadelphia; Wolters Kluwer, 2017
300 ## - PHYSICAL DESCRIPTION
Extent xxxiv,734p; col.ill: 25.5cm
504 ## - BIBLIOGRAPHY, ETC. NOTE
Bibliography, etc References, appendix, & index included
650 ## - SUBJECT ADDED ENTRY--TOPICAL TERM
Topical term or geographic name as entry element Nursing management
9 (RLIN) 6178
650 ## - SUBJECT ADDED ENTRY--TOPICAL TERM
Topical term or geographic name as entry element Leadership roles in nursing
9 (RLIN) 12539
942 ## - ADDED ENTRY ELEMENTS (KOHA)
Source of classification or shelving scheme Other/Generic Classification Scheme
Koha item type Short Loan
Holdings
Withdrawn status Lost status Source of classification or shelving scheme Damaged status Not for loan Home library Current library Date acquired Source of acquisition Inventory number Total Checkouts Barcode Date last seen Koha item type
    Other/Generic Classification Scheme     MUST Main Library MUST Main Library 16/03/2018   17/40583   2018-0184 16/03/2018 Short Loan